000 00771nam a22002890a 4500
001 PT52995
003 AR-LpoUNG
005 20210131231542.0
008 191001s2007||||sp |||||||||||||||||spa d
020 _a978844152114X
_c$8,76
040 _aAR-LpoUNG
_bspa
_cAR-LpoUNG
_eaacr
041 _aspa
044 _asp
082 0 _aR004.6 321dic
100 1 _aAlarcón Alvarez, Enrique de
245 1 0 _aDiccionario de términos informáticos e internet
250 _a1ra. ed.
260 _aMadrid :
_bAnaya Multimedia,
_c2007.
300 _a416 p. :
_bfot.
650 4 _aDICCIONARIOS
650 4 _aINFORMATICA
650 4 _aINTERNET
650 4 _aMATERIAL DE REFERENCIA
651 4 _aDOCUMENTOS TEORICOS O METODOLOGICOS
905 _a52995
942 _cLSALA
999 _c10686
_d10686